01361nam a22002891 45000010005000000030008000050050017000130080041000300350014000710400038000850410008001230820016001311000030001472450147001772600049003243000031003734900140004045000090005445040027006346500035006618300017006967100051007138300140007649420012009049990015009169520140009317378BD-RjUL20211208234415.0140113s1962 enka b 000 0 eng d a(BD-RjUL) aDLC/ICUcICUdDLCd(BD-RjUL)beng aeng00a517.38bFON1 aFox, L.q(Leslie),92305110aNumerical solution of ordinary and partial differential equations :bBased on a summer school held in Oxford, August-September 1961 /cFox, L. aOxford :aNew York :bPergamon Press,c1962. a509 p. :billus. ;c24 cm.1 a[Proceedings of summer schools organised by the Oxford University Computing Laboratory and the Delegacy for Extra-mural Studies,vv. 1] aLectures given at a summer school held by the Oxford University Computing Laboratory. aIncludes bibliography. 0aDifferential equations.923052 0vv. 1.9230532 aOxford University Computing Laboratory.923054 0aProceedings of summer schools organised by the Oxford University Computing Laboratory and the Delegacy for Extra-mural studies ;923055 2ddccBK c7378d7378 00102ddc40718NFICaRUCLbRUCLcreadingd1963-11-12eZeatlengerg70.00l0o517.38 FON 1962r2014-01-13 00:00:00tC-1w2014-01-13yBK